Régimen legal de las compensaciones económicas (Registro nro. 32782)

Detalles MARC
000 -LEADER
fixed length control field 00408 a2200121 4500
001 - CONTROL NUMBER
control field ART_41046
005 - DATE AND TIME OF LATEST TRANSACTION
control field 20260410162017.0
008 - FIXED-LENGTH DATA ELEMENTS--GENERAL INFORMATION
fixed length control field 260409a
100 1# - MAIN ENTRY--PERSONAL NAME
Personal name Berbere Delgado, Jorge C.
245 10 - TITLE STATEMENT
Title Régimen legal de las compensaciones económicas
700 1# - ADDED ENTRY--PERSONAL NAME
Personal name Merlo, Leandro M.
773 0# - HOST ITEM ENTRY
Title Temas de derecho de familia, sucesiones y bioética
Related parts - Año 1, Nº 11 (nov. 2016)
Record control number REV41029

No hay ítems disponibles.